Flags of Separatist Movements in Pakistan - Statistics

General Stats
  • This quiz has been taken 33 times
  • The average score is 4 of 9
Answer Stats
Picture Hint Answer % Correct
Independent khanate that was colonised in 1948 Balochistan
82%
Dominant ethnic group that rule the army Punjab
75%
Has a dispute with India Azad Kashmir
61%
Wants unification with Afghanistan Pashtunistan
50%
Culturally similar to India Sindhudesh
50%
Independent principality before the partition Chitral
18%
Home to K2 mountain Balawaristan
14%
Inhabitants of the Indus River Saraikistan
14%
Capital city is Karachi Jinnahpur
11%
No matching quizzes found
Score Distribution
Percent of People with Each Score
Percentile by Number Answered
Your Score History
You have not taken this quiz